| 000 | 00806nam a2200181Ia 4500 | ||
|---|---|---|---|
| 003 | OSt | ||
| 005 | 20250714102325.0 | ||
| 008 | 240429s9999||||xx |||||||||||||| ||und|| | ||
| 041 | _aEnglish | ||
| 082 | _aRW/40BED/22 | ||
| 110 | _aMinistry Of Finance | ||
| 245 | 0 | _aMemorandum To Parliament Submitted By Ken Ofori Atta (Minister For Finance) Title: Request For Tax And Duty Waiver On Materials/Goods And Equipment To Be Imported For The Construction And Equipping Of A 40-Bed District Hospital At Ayensuano, Effiduase And Offinso And The Completion And Equipping Of The Old Tafo Maternity And Kumasi South Maternity Blocks | |
| 260 |
_aAccra _bParliament Of Ghana _c2022 |
||
| 300 | _a26p:tabs | ||
| 653 | _aOld Tafo Maternity And Kumasi South Maternity Blocks | ||
| 942 |
_cMOU _n0 _2ddc |
||
| 999 |
_c2597 _d2597 |
||